| 000 | 00593cam a2200217 4500 | ||
|---|---|---|---|
| 001 | sa 68012036 | ||
| 003 | DLC | ||
| 005 | 20260227112606.0 | ||
| 008 | 691107s1968 pk 000 0 eng | ||
| 010 | _asa 68012036 | ||
| 025 | _aPL480:P-E-1458 | ||
| 040 |
_aDLC _cDLC _dDLC |
||
| 050 | 0 | 0 |
_aDS38 _b.H29 |
| 082 | 0 | 0 | _a327/.09176/7 |
| 100 | 1 | _aHaq, Inamul. | |
| 245 | 1 | 0 | _aIslamic block: the way to honour, power & peace. |
| 260 |
_aKarachi; _bdistributors: S. M. Mir _c[1968] |
||
| 300 |
_axi, 188 p. _c23 cm. |
||
| 350 | _a12.50 | ||
| 651 | 0 |
_aIslamic countries _xPolitics and government. |
|
| 999 |
_c84263 _d84263 |
||